Elenca la formazione - Quiz n°138 - Statistics

Statistiche generali
  • Questo quiz è stato fatto 67 volte
  • Il punteggio medio è 11 su 11
Statistiche sulle risposte
Ruolo Nazione Calciatore % Corretto
Difensore Brasile Alex Sandro
100%
Attaccante Portogallo Cristiano Ronaldo
100%
Portiere Italia Gianluigi Buffon
100%
Difensore Colombia Juan Cuadrado
100%
Difensore Italia Leonardo Bonucci
100%
Difensore Paesi Bassi Matthijs de Ligt
100%
Centrocampista Bosnia ed Erzegovina Miralem Pjanić
100%
Attaccante Argentina Paulo Dybala
100%
Attaccante Brasile Douglas Costa
95%
Centrocampista Uruguay Rodrigo Bentancur
92%
Centrocampista Francia Blaise Matuidi
89%
Nessun quiz corrispondente trovato
Distribuzione punteggi
Percentuale di utenti per punteggio
Percentile per numero di risposta
I tuoi punteggi nel tempo
Non hai fatto questo quiz